000 00659nam a2200277Ia 4500
005 20260324140717.0
008 008 260324s9999 xx 000 0 eng d
020 _a9781315041599
037 _aEBOOK
040 _aCRL
040 _beng
040 _cCRL
041 _2eng
041 _aeng
084 _qCRL
100 _aFred Lockwood
_91205437
245 4 _aThe Design and Production of Self-instructional Materials
260 _bTaylor and Francis
260 _c1998
365 _a
365 _b275
856 _uhttp://www.taylorfrancis.com/books/9781315041599
942 _cEBOOK
999 _c1807780
_d1807780